000 00401nam a2200145Ia 4500
008 100122s9999 xx 000 0 und d
082 _b14437
_a823
100 _aलाटे दीनानाथ
245 _aगुलशन
260 _bयुवा प्रकाशन संस्था
_c1967
300 _a207
630 _aगुलशन
730 _aगुलशन
942 _cBOOK
999 _c404943
_d404940